000
00292nam a22001217a 4500
008
170516b xxu||||| |||| 00| 0 eng d
041
_a
eng
080
_a
94
100
_a
16
101
_a
SHH
245
_a
JEWISH FRONTIESRS BODIES HISTORIES INDENTITIES
_c
GILMAN.S.L
942
_2
udc
_c
BK
999
_c
13388
_d
13388